[Event "Oviedo op 8th"]
[Site "Oviedo"]
[Date "2022.07.18"]
[Round "3"]
[White "Lopez Varela, Pablo"]
[Black "Ruiz de Alegria Madariaga, Carlo"]
[Result "1-0"]
[WhiteElo "2158"]
[BlackElo "1832"]
[PlyCount "85"]
[EventDate "2022.07.17"]
[EventType "swiss"]
[EventRounds "9"]
[EventCountry "ESP"]
[SourceTitle "CBM 209 Extra"]
[Source "ChessBase"]
[SourceDate "2022.09.30"]
[SourceVersion "1"]
[SourceVersionDate "2022.09.30"]
[SourceQuality "1"]

1. Nf3 Nf6 2. g3 d5 3. Bg2 g6 4. b3 Bg7 5. Bb2 c5 6. 0-0 0-0 7. d3 Nc6 8. Ne5 Bd7 9. Nxd7 Qxd7 10. Nd2 e5 11. e4 Rad8 12. exd5 Nxd5 13. a4 f5 14. Nc4 Rfe8 15. Re1 Ndb4 16. Qc1 h6 17. h4 Qc7 18. Kh2 Nd4 19. Bxd4 exd4 20. Qd2 Kh7 21. Rxe8 Rxe8 22. Re1 Rxe1 23. Qxe1 Qd7 24. Qe2 Bf6 25. h5 Qc7 26. hxg6+ Kxg6 27. Qd1 b6 28. Nd2 Qd6 29. Nf3 h5 30. Kh1 f4 31. Nd2 fxg3 32. Ne4 Qe5 33. Nxg3 Kh6 34. Be4 Kg7 35. Nf5+ Kf8 36. Qxh5 Bg7 37. Qh4 Qf6 38. Qh2 Kg8 39. Qb8+ Bf8 40. Qxa7 Nxc2 41. Kg2 Qg5+ 42. Ng3 Nb4 43. Qh7# 1-0

[Event "Benidorm op U2000 14th"]
[Site "Benidorm"]
[Date "2015.11.29"]
[Round "2"]
[White "Ruiz de Alegria Madariaga, Carlo"]
[Black "Vallbona Domingo, Joan"]
[Result "0-1"]
[WhiteElo "1818"]
[BlackElo "1998"]
[PlyCount "66"]
[EventDate "2015.11.28"]
[EventType "swiss"]
[EventRounds "10"]
[EventCountry "ESP"]
[SourceTitle "CBM 169 Extra"]
[Source "ChessBase"]
[SourceDate "2015.12.18"]
[SourceVersion "1"]
[SourceVersionDate "2015.12.18"]
[SourceQuality "1"]

1. d4 Nf6 2. c4 e6 3. Nc3 Bb4 4. Bd2 b6 5. Nf3 Bb7 6. g3 0-0 7. Bg2 c5 8. e3 Qc8 9. 0-0 cxd4 10. Nb5 Be7 11. Nbxd4 Na6 12. Qe2 Ne4 13. Rac1 Nxd2 14. Qxd2 Nc5 15. Rfd1 Ne4 16. Qc2 Nf6 17. Ne5 Bxg2 18. Kxg2 Qb7+ 19. Kg1 a6 20. Qd3 Rac8 21. Qe2 Rc7 22. Qf3 Qxf3 23. Ndxf3 d6 24. Nd3 Rfc8 25. Nd2 Kf8 26. f3 d5 27. b3 Ke8 28. Kf2 Ba3 29. Rc2 b5 30. Ne5 Bd6 31. f4 Bxe5 32. fxe5 Ng4+ 33. Ke2 Nxe5 0-1

[Event "Collado Villalba op-B 29th"]
[Site "Collado Villalba"]
[Date "2012.08.26"]
[Round "3"]
[White "Ruiz de Alegria Madariaga, Carlo"]
[Black "Galan Aguado, Fernando"]
[Result "1/2-1/2"]
[WhiteElo "1879"]
[BlackElo "1820"]
[PlyCount "72"]
[EventDate "2012.08.24"]
[EventType "swiss"]
[EventRounds "9"]
[EventCountry "ESP"]
[SourceTitle "CBM 150 Extra"]
[Source "ChessBase"]
[SourceDate "2012.10.19"]
[SourceVersion "1"]
[SourceVersionDate "2012.10.19"]
[SourceQuality "1"]

1. d4 e6 2. e4 d5 3. exd5 exd5 4. Bd3 Bd6 5. Nf3 Ne7 6. 0-0 Bf5 7. Bxf5 Nxf5 8. Re1+ Ne7 9. Bg5 0-0 10. Qe2 f6 11. Bh4 Qd7 12. c4 dxc4 13. Qxc4+ Rf7 14. Nc3 c6 15. Ne5 fxe5 16. dxe5 Bxe5 17. Rxe5 Ng6 18. Re4 Na6 19. Bg3 Rd8 20. h4 b5 21. Qe6 Nc5 22. Qxd7 Rfxd7 23. Re2 Rd2 24. Rae1 Rxe2 25. Rxe2 Kf7 26. h5 Ne7 27. b4 Ne6 28. Be5 Rd3 29. Ne4 Nf5 30. f4 h6 31. Kf2 Ned4 32. Re1 Nc2 33. Rc1 Nxb4 34. g4 Nd4 35. Nd6+ Ke6 36. Ne8 Rd2+ 1/2-1/2

[Event "Benidorm op U2200 10th"]
[Site "Benidorm"]
[Date "2011.12.06"]
[Round "6"]
[White "Ruiz de Alegria Madariaga, Carlo"]
[Black "Arroyo Rodriguez, Jesus"]
[Result "0-1"]
[WhiteElo "1903"]
[BlackElo "1980"]
[PlyCount "64"]
[EventDate "2011.12.02"]
[EventType "swiss"]
[EventRounds "10"]
[EventCountry "ESP"]
[SourceTitle "CBM 145 Extra"]
[Source "ChessBase"]
[SourceDate "2012.01.03"]
[SourceVersion "1"]
[SourceVersionDate "2012.01.03"]
[SourceQuality "1"]

1. d4 d5 2. c4 e6 3. Nc3 Nf6 4. Bg5 Be7 5. e3 0-0 6. Nf3 a6 7. a4 c5 8. Bd3 Nc6 9. cxd5 cxd4 10. dxc6 dxc3 11. bxc3 Qa5 12. Qc2 h6 13. Bh4 bxc6 14. 0-0 Ra7 15. Nd4 Bb7 16. Rfd1 c5 17. Nb3 Qc7 18. Bg3 e5 19. c4 Nh5 20. Be4 Bc8 21. Qe2 Nxg3 22. hxg3 f5 23. Bd5+ Kh8 24. f4 Bd7 25. Kf2 Rb8 26. Qc2 Bf6 27. Ra2 a5 28. Nc1 e4 29. Ne2 Rb4 30. Nc3 Bxc3 31. Qxc3 Bxa4 32. Be6 Bxd1 0-1